Guess the lyrics (#97) - Statistics

General Stats
  • This quiz has been taken 84 times
  • The average score is 61 of 133
Answer Stats
answer % Correct
I
99%
a
90%
The
89%
you
89%
you,
89%
And
74%
me
74%
we
71%
we,
71%
can
69%
is
69%
love
69%
No
68%
do
67%
in
65%
your
65%
my
63%
that
61%
so
58%
of
53%
with
51%
you're
51%
all
50%
I'm
49%
will
49%
one
44%
day
40%
every
36%
time
35%
just
33%
Lovin'
33%
lovin'
33%
La la etc
32%
make
32%
see
32%
feel
31%
life
29%
has
28%
'cause
25%
'Cause
25%
more
25%
than
25%
wanna
25%
out
24%
everything
22%
else
21%
live
21%
easy
19%
beautiful
18%
dream
17%
come
15%
made
14%
true
14%
Makin'
13%
Stay
13%
each
11%
old
11%
soul
11%
through
11%
grow
10%
ooh,
10%
bring
8%
while
8%
filled
7%
shinin'
7%
colors
6%
springtime
6%
No matching quizzes found
Score Distribution
Percent of People with Each Score
Percentile by Number Answered
Your Score History
You have not taken this quiz